English or Spanish? - Statistics

General Stats
  • This quiz has been taken 11 times
  • The average score is 4 of 13
Answers on the Grid
Answers color-coded by a green-red scale on the quiz's grid according to % correct below.
Bunbury
Viva la Vida
Soda Stereo
Shinedown
Lady Blue
One, Two, Three
Julieta Venegas
P!nk
Livin' la Vida Loca
Mon Laferte
Amaryllis
Bad Bunny
DLD
The Warning
One Day
Alicia Keys
Alicia Expulsada
Canción Cruel
Manëskin
Maná
Anita
Ophelia
La bamba
Gloria
Scott Sivakoff
La isla bonita
 
Answer Stats
Answer % Correct
Viva la Vida
67%
Alicia Keys
44%
P!nk
44%
Shinedown
44%
Gloria
33%
Manëskin
33%
Ophelia
33%
La isla bonita
22%
Livin' la Vida Loca
22%
One Day
22%
Scott Sivakoff
22%
Amaryllis
11%
Anita
0%
No matching quizzes found
Score Distribution
Percent of People with Each Score
Percentile by Number Answered
Your Score History
You have not taken this quiz